000 01403nam a2200277Ia 4500
999 _c35383
_d35383
001 1236
003 GE_BSU
005 20251121153528.0
008 181216s2010||||ge |||||||||||||| ||geo||
010 _a9789941910777
020 _a9789941910777
040 _cGE_BSU
041 _ageo
080 _a632 ა-48
100 _aალექსიძე, გურამ
_97983
245 _aხეხილის მავნებლები და დაავადებები /
_c[ავტ.: გურამ ალექსიძე, შაქრო ყანჩაველი, რუსუდან კეშელავა; საქ. ს/მ მეცნ. აკად., მცენარეთა დაცვის ინ-ტი.
264 _aთბილისი:
_b "ლეგას" გამ-ბა და სტ.,
_c2010.
300 _a50 გვ. ;
_b19 სმ.
504 _aბიბლიოგრ.: გვ. 49.
541 _h3ლ.
653 _aხეხილის მავნებლები და დაავადებები.
700 _aყანჩაველი, შაქრო
_e ავტორი
_917919
700 _aკეშელავა, რუსუდან
_eავტორი
_926303
710 _aსაქ. ს/მ მეცნ. აკად. მცენარეთა დაცვის ინ-ტი.
_926304
942 _cBK
_2udc